Champions League Teams 22/23 - Statistics

General Stats
  • This quiz has been taken 33 times
  • The average score is 26 of 32
Answer Stats
Country Group Answer % Correct
Italy E AC Milan
100%
Germany C Bayern Munich
96%
England E Chelsea
96%
Spain C FC Barcelona
96%
Italy C Internazionale
96%
Italy H Juventus
96%
England A Liverpool
96%
England G Manchester City
96%
Spain F Real Madrid
96%
Portugal H SL Benfica
96%
the Netherlands A Ajax
93%
Spain B Atletico Madrid
93%
Germany G Borussia Dortmund
93%
Scotland F Celtic
93%
Portugal B FC Porto
89%
Scotland A Rangers
89%
England D Tottenham Hotspur
89%
Italy A Napoli
86%
France H Paris Saint-Germain
86%
Belgium B Club Brugge
82%
Croatia E Dinamo Zagreb
82%
Ukraine F Shakhtar Donetsk
82%
France D Olympique Marseille
79%
Denmark G FC Copenhagen
75%
Spain G Sevilla
75%
Germany B Bayer Leverkusen
68%
Germany D Eintracht Frankfurt
68%
Austria E RB Salzburg
68%
Germany F RB Leipzig
61%
Israel H Maccabi Haifa
57%
Czech Republic C Viktoria Plzen
43%
Portugal D Sporting CP
29%
No matching quizzes found
Score Distribution
Percent of People with Each Score
Percentile by Number Answered
Your Score History
You have not taken this quiz